000 00300nam a22001097a 4500
082 _a940.4
_bTIM
245 _aThe times documentary history of the ear vol-vIII
_bLondon printing house square
300 _a495 p
526 _a0
_b0
_c0
_d940_400000000000000_TIM
650 _aMCE
_9379
942 _2ddc
_cBK
999 _c552158
_d552158